Culture Générale - Série 1259 - Statistiques

Statistiques générales
  • Ce quiz a été pris 88 fois
  • Le résultat moyen est 6 sur 10
Statistiques - réponses
Question Réponse % Correct
Quel professionnel de la justice peut être "commis d'office" ? avocat
95%
Comment appelle-t-on la période, pendant laquelle la fabrication et la vente d'alcool étaient interdites aux États-Unis, entre 1919 et 1933 ? prohibition
91%
Dans quel jeu l'un des joueurs a les yeux bandés et doit chercher les autres à tâtons puis les identifier ? colin-maillard
88%
En athlétisme, comment appelle-t-on les barrières, qui constituent un obstacle, dans les courses à pied ? haies
74%
Les habitants de Poitiers sont les Pictaviens ou les... Poitevins
73%
Sur quelle île parisienne se trouve la Conciergerie ? île de la Cité
63%
Dans la mythologie grecque, sous quel nom regroupe-t-on les 3 filles de Thaumas, au corps d'oiseau et à tête de femme, qui enlèvent les enfants et les âmes ? Harpies
43%
À quel inventeur doit-on la première photographie ? Nicéphore Niépce
42%
Comme son nom l'indique, quelle science consiste à étudier les pierres précieuses ? gemmologie
33%
À quel sculpteur français doit-on le pouce monumental installé dans le quartier d'affaires de la Défense ? César
25%
Aucun quiz correspondant
Distribution des résultats
% des personnes avec chaque résultat
Percentile par nombre de réponses
Votre historique - résultats
Vous n’avez pas pris ce quiz